History of the incas by Pedro Sarmiento de Gamboa and the execution of the inca Tupac Amaru by Captain Baltasar de Ocampo. Translated and edited with notes and an Introduction by Sir Clements Markham, K.C.B.

محفوظ في:
التفاصيل البيبلوغرافية
المؤلفون الرئيسيون: Sarmiento de Gamboa, Pedro, 1532?-1608? (مؤلف), Ocampo, Baltasar de (مؤلف)
التنسيق: كتاب
اللغة:الإنجليزية
منشور في: Cambridge Hakluyt Society 1907
الطبعة:1a. ed
سلاسل:Hakluyt Society, Second series, 22
الموضوعات:
الوسوم: إضافة وسم
لا توجد وسوم, كن أول من يضع وسما على هذه التسجيلة!

MARC

LEADER 00000nam a2200000 a 4500
001 UCJ5718
003 CL-VaPUC
008 070124e19070000uk |||||||||||||||||eng|d
082 0 4 |a 910.4  |b SAR  |2 21 
100 |a Sarmiento de Gamboa, Pedro,   |d 1532?-1608?   |e author  |9 446042 
700 0 |a Ocampo, Baltasar de  |e author  |9 511332 
245 1 0 |a History of the incas by Pedro Sarmiento de Gamboa and the execution of the inca Tupac Amaru by Captain Baltasar de Ocampo. Translated and edited with notes and an Introduction by Sir Clements Markham, K.C.B. 
250 |a 1a. ed 
300 |a xxii, 305 p 
942 |c BK 
945 |d 20070124 00:00:00  |a rinostro 
260 |a Cambridge  |b Hakluyt Society  |c 1907 
500 |a Front., Escudo de Armas de Felipe II, iluminado. Ilustraciones y mapas conforme a índice 
600 0 7 |a TUPAC AMARU  |2 CL-VaPUC  |9 447217 
600 0 7 |a OVIEDO, GABRIEL DE  |2 CL-VaPUC  |9 511333 
600 0 7 |a TOLEDO, FRANCISCO DE  |2 CL-VaPUC  |9 511334 
600 0 7 |a FELIPE II DE ESPAÑA  |2 CL-VaPUC  |9 316354 
650 0 |a Viajes  |9 257115 
650 0 |a Conquista  |9 339504 
650 0 |a Colonización española  |9 256592 
650 7 |a INCAS  |2 CL-VaPUC  |9 256565 
650 0 |a Geografía  |9 259346 
650 7 |a HERALDICA  |2 CL-VaPUC  |9 388228 
650 0 |a Mapas  |9 260844 
650 0 |a Iconografía   |9 267998 
651 0 |a Perú  |9 256567 
651 7 |a VILCAPAMPA  |2 CL-VaPUC  |9 511335 
583 |a last modification  |c 20150507 05:32:42  |k Rodrigo Vera 
490 0 |a Hakluyt Society, Second series, 22 
999 |c 321827  |d 321825 
952 |0 0  |1 0  |4 0  |6 910_400000000000000_SAR_1907  |7 0  |8 X  |9 400687  |a FDOBUD  |b FDOBUD  |d 2019-11-22  |i 1038605  |o 910.4 SAR 1907  |p 1038605  |r 2019-11-22  |w 2019-11-22  |y BK_X  |k BUD